000 00579cam a22002411 4500
001 sa 63003213
003 DLC
005 20260227111940.0
008 940921s1962 ii 000 0 beno
010 _asa 63003213
025 _aPL480:I-B-345
035 _a(OCoLC)31150485
040 _aDLC
_cCU
_dCU
_dDLC
042 _apremarc
050 0 0 _aPK1718.M472
_bB5
100 1 _aMitra, Bimal,
_d1912-1991.
245 1 0 _aBhāskarera prema.
260 _c[1962]
300 _a102 p.
_c19 cm.
500 _aIn Bengali.
500 _aA novel.
740 0 _aBhāsdarera mitāli.
999 _c54953
_d54953